[Event "32nd ECC Open 2016"]
[Site "Novi Sad SRB"]
[Date "2016.11.11"]
[Round "6.20"]
[Board "5"]
[White "Satta, Vladimiro"]
[Black "Persson, Mats"]
[Result "1-0"]
[BlackTitle "FM"]
[WhiteElo "2197"]
[BlackElo "2314"]
[WhiteTeam "DLF Steinitz Roma"]
[BlackTeam "Oslo Schakselskap"]
[WhiteFideId "803006"]
[BlackFideId "1708333"]
[EventDate "2016.11.06"]

1. e4 e5 2. Nf3 Nc6 3. d4 exd4 4. Nxd4 Bb4+ 5. c3 Bc5 6. Be3 Bb6 7. Nxc6 bxc6 8.
Bd4 Nf6 9. Bd3 O-O 10. O-O Re8 11. Nd2 d6 12. h3 Bb7 13. Qf3 Nd7 14. Qg3 Bxd4
15. cxd4 c5 16. d5 Qf6 17. Bb5 Re7 18. Bxd7 Rxd7 19. Qb3 Ba6 20. Rfe1 Rdd8 21.
Qa3 Bb5 22. e5 Qf4 23. Qa5 a6 24. a4 Bd3 25. Re3 Qd4 26. Rae1 c4 27. exd6 Qb6
28. Qc3 Qxd6 29. Nxc4 Qxd5 30. Rxd3 Qxd3 31. Re8+ Rxe8 32. Qxd3 Rad8 33. Qg3 Re7
34. Ne3 g6 35. Qg5 Rdd7 36. Nd5 Re1+ 37. Kh2 Rd6 38. Nxc7 Re2 39. Qc5 Rdd2 40.
Kg3 Rxb2 41. Nxa6 Rec2 42. Qd4 Rb3+ 43. Kh4 Rbb2 44. Nc5 Rd2 45. Qf6 Ra2 46. g4
Ra3 47. f3 Raa2 48. Ne4 Rd3 49. Ng5 Rd7 50. Qc6 Ra7 51. Qc8+ Kg7 52. Qc3+ f6 53.
Ne4 g5+ 54. Nxg5 R2xa4 55. Ne4 R4a6 56. Nxf6 Ra3 57. Nh5+ 1-0

[Event "32nd ECC Open 2016"]
[Site "Novi Sad SRB"]
[Date "2016.11.11"]
[Round "6.20"]
[Board "6"]
[White "Stubberud, Ornulf"]
[Black "Bellincampi, Stefano"]
[Result "1-0"]
[WhiteTitle "FM"]
[WhiteElo "2281"]
[BlackElo "2014"]
[WhiteTeam "Oslo Schakselskap"]
[BlackTeam "DLF Steinitz Roma"]
[WhiteFideId "1503758"]
[BlackFideId "804630"]
[EventDate "2016.11.06"]

1. e4 e5 2. Nf3 Nc6 3. Bb5 a6 4. Ba4 Nf6 5. O-O Be7 6. Re1 b5 7. Bb3 d6 8. c3
O-O 9. h3 Na5 10. Bc2 c5 11. d4 Qc7 12. d5 Bd7 13. Nbd2 g6 14. Nf1 Nh5 15. Bh6
Ng7 16. b3 Nb7 17. Qd2 f6 18. Ng3 Nd8 19. Be3 Nf7 20. Nh2 Rfc8 21. Ng4 c4 22. b4
a5 23. a3 Ra6 24. Nh6+ Nxh6 25. Bxh6 Rca8 26. Rab1 axb4 27. axb4 Ra2 28. f4 R8a3
29. Kh2 Qa7 30. fxe5 fxe5 31. Rf1 Ra1 32. Be3 Qa8 33. Qf2 Be8 34. Bg5 Rxb1 35.
Bxb1 Qd8 36. Ne2 h5 37. Bd2 h4 38. g4 Bg5 39. Ng1 Bxd2 40. Qxd2 Kh7 41. Nf3 Qe7
42. Qc1 Ra8 43. Ng5+ Kg8 44. Nf3 Kh7 45. Kg2 Ra6 46. Kh2 Ra8 47. g5 Nh5 48. Nxh4
Nf4 49. Ng2 Qxg5 50. Nxf4 exf4 51. Qxf4 Qxf4+ 52. Rxf4 Kg7 53. Kg3 Ra1 54. Rf1
Ra3 55. Rf3 Ra1 56. Rf1 Ra3 57. Rc1 Bd7 58. h4 Kf6 59. Kf4 Be8 60. Ke3 Kg7 61.
Kd4 Kf6 62. Rg1 Ke7 63. Re1 Rb3 64. e5 dxe5+ 65. Rxe5+ Kd8 66. Be4 Rb2 67. Re6
Rh2 68. Bxg6 Rxh4+ 69. Kc5 Bd7 70. Ra6 Rg4 71. Bf7 Re4 72. Be6 Be8 73. Kd6 1-0

[Event "32nd ECC Open 2016"]
[Site "Novi Sad SRB"]
[Date "2016.11.11"]
[Round "6.21"]
[Board "1"]
[White "Houriez, Clement"]
[Black "Bogosavljevic, Boban"]
[Result "0-1"]
[WhiteTitle "FM"]
[BlackTitle "GM"]
[WhiteElo "2335"]
[BlackElo "2520"]
[WhiteTeam "Cercle d'Echecs Fontainois"]
[BlackTeam "Jelica PEP - Goracici"]
[WhiteFideId "649708"]
[BlackFideId "931152"]
[EventDate "2016.11.06"]

1. d4 d5 2. c4 c6 3. Nf3 Nf6 4. g3 Bf5 5. Nc3 e6 6. Nh4 Be4 7. f3 Bg6 8. Qb3 Qb6
9. Nxg6 hxg6 10. c5 Qc7 11. Bf4 Qc8 12. Bg2 Nbd7 13. Qc2 Be7 14. O-O-O b6 15.
cxb6 axb6 16. e4 b5 17. e5 Nh5 18. Bd2 g5 19. f4 Nb6 20. b3 b4 21. Na4 Nxa4 22.
bxa4 g4 23. Kb1 g6 24. Rc1 Kd7 25. Ka1 Qa6 26. a5 Rhc8 27. Bf1 Qxa5 28. Be2 Qb6 0-1

[Event "32nd ECC Open 2016"]
[Site "Novi Sad SRB"]
[Date "2016.11.11"]
[Round "6.21"]
[Board "2"]
[White "Roganovic, Milos"]
[Black "Wantiez, Fabrice"]
[Result "1-0"]
[WhiteTitle "IM"]
[BlackTitle "FM"]
[WhiteElo "2478"]
[BlackElo "2315"]
[WhiteTeam "Jelica PEP - Goracici"]
[BlackTeam "Cercle d'Echecs Fontainois"]
[WhiteFideId "937614"]
[BlackFideId "202274"]
[EventDate "2016.11.06"]

1. e4 e5 2. Nf3 Nc6 3. Bc4 g6 4. c3 d6 5. d4 Qe7 6. O-O Bg7 7. dxe5 Nxe5 8. Nxe5
dxe5 9. b3 Be6 10. Ba3 Qd7 11. Bxe6 Qxe6 12. c4 Ne7 13. Nc3 c6 14. Qd3 Rd8 15.
Qe3 b6 16. c5 b5 17. Rfd1 Rxd1+ 18. Rxd1 a5 19. Bc1 Nc8 20. Qd3 O-O 21. Qd7 Bf6
22. Qxe6 fxe6 23. a4 b4 24. Nb1 Rd8 25. Rxd8+ Bxd8 26. Kf1 Kg7 27. Be3 h6 28.
Nd2 g5 29. Nc4 Bc7 30. Nd6 Bxd6 31. cxd6 Nxd6 32. f3 Nb7 33. Ke2 Kf6 34. Kd3 Ke7
35. Kc4 Kf6 36. Bb6 Ke7 37. Bc7 Kf6 38. g4 Kg6 39. Bxa5 Nxa5+ 40. Kxb4 Nb7 41.
a5 Nd6 42. a6 Nb5 43. Kc5 Kf6 44. Kxc6 Nd4+ 45. Kb6 Nxb3 46. a7 1-0

[Event "32nd ECC Open 2016"]
[Site "Novi Sad SRB"]
[Date "2016.11.11"]
[Round "6.21"]
[Board "3"]
[White "Fontaine, Quentin"]
[Black "Djordjevic, Vuk"]
[Result "1-0"]
[WhiteElo "2270"]
[BlackElo "2432"]
[WhiteTeam "Cercle d'Echecs Fontainois"]
[BlackTeam "Jelica PEP - Goracici"]
[WhiteFideId "230804"]
[BlackFideId "902098"]
[EventDate "2016.11.06"]

1. e4 e6 2. d4 d5 3. Nd2 Nc6 4. Ngf3 Nf6 5. e5 Nd7 6. c4 dxc4 7. Nxc4 Be7 8. a3
Nb6 9. Bd3 Nd5 10. O-O a6 11. Re1 g5 12. Ne3 Nxe3 13. Bxe3 h5 14. Qa4 Bd7 15.
Qc4 Na7 16. d5 Bb5 17. Qc2 Bxd3 18. Qxd3 g4 19. Nd4 Qxd5 20. Qc2 c5 21. Nb3 b6
22. Rad1 Qc6 23. Nd2 h4 24. Ne4 h3 25. g3 Rd8 26. f3 Rxd1 27. Rxd1 gxf3 28. Kf2
Nb5 29. Qa4 Nd4 30. Rxd4 b5 31. Qc2 Rh5 32. Nd6+ Kf8 33. Re4 f5 34. Rf4 Bg5 35.
Rxf3 f4 36. g4 1-0

[Event "32nd ECC Open 2016"]
[Site "Novi Sad SRB"]
[Date "2016.11.11"]
[Round "6.21"]
[Board "4"]
[White "Radovanovic, Mihajlo"]
[Black "Herman, Jean"]
[Result "1-0"]
[WhiteTitle "IM"]
[WhiteElo "2370"]
[BlackElo "2237"]
[WhiteTeam "Jelica PEP - Goracici"]
[BlackTeam "Cercle d'Echecs Fontainois"]
[WhiteFideId "940313"]
[BlackFideId "263036"]
[EventDate "2016.11.06"]

1. Nf3 c5 2. c4 Nc6 3. d4 cxd4 4. Nxd4 g6 5. e4 Bg7 6. Nc2 Nf6 7. Nc3 O-O 8. Be2
d6 9. O-O b6 10. Be3 Bb7 11. Qd2 Rc8 12. b3 Re8 13. Rad1 Ne5 14. f3 Qc7 15. Rc1
Qb8 16. Rfd1 Red8 17. Nd5 Re8 18. Bg5 Ned7 19. Bf1 Rcd8 20. Qf4 Kf8 21. Qh4 h5
22. Nd4 Ng8 23. Rc2 Nc5 24. b4 Bxd4+ 25. Rxd4 Ne6 26. Rd1 Nxg5 27. Qxg5 e6 28.
Nc3 Re7 29. Rcd2 Bc6 30. f4 Kg7 31. e5 Red7 32. exd6 Rxd6 33. Rxd6 f6 34. Rxd8 1-0

[Event "32nd ECC Open 2016"]
[Site "Novi Sad SRB"]
[Date "2016.11.11"]
[Round "6.21"]
[Board "5"]
[White "Mastalerz, Xavier"]
[Black "Radovic, Janko"]
[Result "0-1"]
[WhiteElo "2231"]
[BlackElo "2285"]
[WhiteTeam "Cercle d'Echecs Fontainois"]
[BlackTeam "Jelica PEP - Goracici"]
[WhiteFideId "208310"]
[BlackFideId "911518"]
[EventDate "2016.11.06"]

1. Nf3 c5 2. g3 Nc6 3. Bg2 g6 4. O-O Bg7 5. c4 e6 6. Nc3 Nge7 7. d4 cxd4 8. Nb5
O-O 9. Nbxd4 d5 10. cxd5 exd5 11. Be3 Re8 12. Qd2 Nf5 13. Nxf5 Bxf5 14. Rfd1 d4
15. Nxd4 Nxd4 16. Bxd4 Qxd4 17. Qxd4 Bxd4 18. Rxd4 Rxe2 19. Bxb7 Rb8 20. Ba6
Rexb2 21. Bc4 Bh3 22. Rad1 Kg7 23. Bb3 Re8 24. Rf4 Re7 25. Rh4 Be6 26. Re1 Bd5
27. Rd1 Be4 28. Re1 Bf3 29. Rf1 Be4 30. Re1 Bf3 31. Rf1 h5 32. Rd4 Bg4 33. Bc4
Bh3 34. Rfd1 Rb4 35. Rf4 Rd7 36. Re1 g5 37. Rfe4 f5 38. Re7+ Rxe7 39. Rxe7+ Kf8
40. Rf7+ Ke8 41. Rc7 Rb1+ 0-1

[Event "32nd ECC Open 2016"]
[Site "Novi Sad SRB"]
[Date "2016.11.11"]
[Round "6.21"]
[Board "6"]
[White "Radovic, Luka"]
[Black "Allaert, Dimitri"]
[Result "0-1"]
[WhiteElo "2260"]
[BlackElo "2135"]
[WhiteTeam "Jelica PEP - Goracici"]
[BlackTeam "Cercle d'Echecs Fontainois"]
[WhiteFideId "911569"]
[BlackFideId "209384"]
[EventDate "2016.11.06"]

1. Nf3 d5 2. g3 Nf6 3. Bg2 g6 4. O-O Bg7 5. d3 O-O 6. Nbd2 c5 7. e4 dxe4 8. dxe4
Nc6 9. c3 Qc7 10. Qe2 b6 11. e5 Ne8 12. Re1 Bb7 13. Nf1 Rd8 14. Bf4 Qc8 15. e6
f6 16. h4 Ba6 17. Qe3 Nc7 18. Bh6 Rd3 19. Qc1 Nxe6 20. h5 Ned8 21. hxg6 hxg6 22.
Nh4 Nf7 23. Bxg7 Kxg7 24. Be4 Nce5 25. Bxd3 Nxd3 26. Qc2 g5 27. c4 Nfe5 28. Re3
gxh4 29. Rxd3 Qh3 30. Rc3 Bb7 31. f3 Nxf3+ 32. Rxf3 Bxf3 33. Qh2 Qxh2+ 34. Nxh2
Be2 35. gxh4 Bxc4 36. Kf2 Rd8 37. Rg1+ Kf7 38. Ng4 Rh8 39. Rh1 Bxa2 0-1

[Event "32nd ECC Open 2016"]
[Site "Novi Sad SRB"]
[Date "2016.11.11"]
[Round "6.22"]
[Board "1"]
[White "Kazakovskiy, Valeriy"]
[Black "Theodorou, Nikolas"]
[Result "0-1"]
[WhiteTitle "IM"]
[WhiteElo "2416"]
[BlackElo "2481"]
[WhiteTeam "Ezerelio Vaivorykste"]
[BlackTeam "Chania Chess Academy"]
[WhiteFideId "13507443"]
[BlackFideId "4262875"]
[EventDate "2016.11.06"]

1. d4 Nf6 2. Nf3 d6 3. c4 g6 4. g3 Bg7 5. Bg2 O-O 6. O-O Nbd7 7. Nc3 e5 8. e4
exd4 9. Nxd4 Re8 10. Re1 a6 11. Rb1 Ne5 12. b3 c5 13. Nc2 Rb8 14. h3 Nc6 15. a4
Nh5 16. Bb2 Be6 17. Ne3 Bd4 18. Nc2 Bg7 19. Ne3 Bd4 20. Nc2 Be5 21. Qd3 Qa5 22.
f4 Bg7 23. Ba1 Nd4 24. Ne2 Nxc2 25. Qxc2 b5 26. axb5 axb5 27. Bxg7 Nxg7 28. Bf1
bxc4 29. bxc4 Rb4 30. Rxb4 cxb4 31. Nd4 b3 32. Qf2 Qb4 33. Rc1 Ra8 34. Qb2 Qc5
35. Kh1 Nh5 36. Nxb3 Qe3 37. Rc3 Qe1 38. Kg2 Bxh3+ 39. Kxh3 Qxf1+ 40. Qg2 Qe1
41. Rd3 Ra2 42. Nd2 Qd1 43. Qf3 Qg1 44. Rxd6 Ra3 0-1

[Event "32nd ECC Open 2016"]
[Site "Novi Sad SRB"]
[Date "2016.11.11"]
[Round "6.22"]
[Board "2"]
[White "Papadopoulos, Argirios"]
[Black "Sotsky, Alexander"]
[Result "0-1"]
[WhiteTitle "FM"]
[BlackTitle "IM"]
[WhiteElo "2194"]
[BlackElo "2348"]
[WhiteTeam "Chania Chess Academy"]
[BlackTeam "Ezerelio Vaivorykste"]
[WhiteFideId "4241509"]
[BlackFideId "4130715"]
[EventDate "2016.11.06"]

1. e4 e6 2. d4 d5 3. Nd2 dxe4 4. Nxe4 Bd7 5. Nf3 Bc6 6. Bd3 Bxe4 7. Bxe4 c6 8.
O-O Nf6 9. Bd3 Bd6 10. c4 Nbd7 11. b3 Qc7 12. Bb2 O-O 13. Qe2 Rfe8 14. Ne5 a5
15. a3 Nf8 16. Qc2 h6 17. f4 Rad8 18. Rad1 c5 19. d5 0-1

[Event "32nd ECC Open 2016"]
[Site "Novi Sad SRB"]
[Date "2016.11.11"]
[Round "6.22"]
[Board "3"]
[White "Genutis, Mindaugas"]
[Black "Liodakis, Konstantinos-Spyros"]
[Result "1/2-1/2"]
[WhiteTitle "FM"]
[WhiteElo "2310"]
[BlackElo "2175"]
[WhiteTeam "Ezerelio Vaivorykste"]
[BlackTeam "Chania Chess Academy"]
[WhiteFideId "1407058"]
[BlackFideId "4217136"]
[EventDate "2016.11.06"]

1. d4 e6 2. c4 Bb4+ 3. Bd2 a5 4. g3 d6 5. e4 e5 6. Ne2 Nc6 7. d5 Nce7 8. Bxb4
axb4 9. Qb3 c5 10. dxc6 Nxc6 11. Bg2 Be6 12. Nd2 Nge7 13. O-O O-O 14. Qd3 Qc7
15. a4 Na5 16. b3 b6 17. Rfd1 Nb7 18. Nf1 Nc5 19. Qc2 f5 20. exf5 Bxf5 21. Qb2
Be4 22. Ne3 Bxg2 23. Kxg2 Qb7+ 24. Nd5 Nxd5 25. Rxd5 Ne4 26. f3 Nf6 27. Rxd6 Ne8
28. Rd5 Nc7 29. Rxe5 Qxf3+ 30. Kg1 Qf2+ 31. Kh1 Rad8 32. Re7 Ne8 33. Qe5 Qf3+
34. Kg1 Qf2+ 35. Kh1 Qf3+ 36. Kg1 Qf2+ 1/2-1/2

[Event "32nd ECC Open 2016"]
[Site "Novi Sad SRB"]
[Date "2016.11.11"]
[Round "6.22"]
[Board "4"]
[White "Tsarouhas, Konstantinos"]
[Black "Samsonov, Vyacheslav"]
[Result "0-1"]
[WhiteElo "2121"]
[BlackElo "2139"]
[WhiteTeam "Chania Chess Academy"]
[BlackTeam "Ezerelio Vaivorykste"]
[WhiteFideId "4201094"]
[BlackFideId "2806290"]
[EventDate "2016.11.06"]

1. c4 e6 2. Nf3 d5 3. g3 b6 4. Bg2 Bb7 5. d4 Nf6 6. Ne5 Nbd7 7. Qa4 Bd6 8. Nc3
Bxe5 9. dxe5 Ne4 10. Nxe4 dxe4 11. Be3 Qe7 12. c5 Bd5 13. cxb6 axb6 14. Qc2 Qb4+
15. Bd2 Qa4 16. Qxa4 Rxa4 17. Bc3 Ke7 18. b3 Ra7 19. O-O Rha8 20. a3 Ke8 21. Bb2
Nc5 22. b4 Na4 23. Bd4 c5 24. bxc5 bxc5 25. Be3 Rb7 26. Rab1 Rab8 27. Rxb7 Rxb7
28. Rc1 Rb5 29. f3 exf3 30. Bxf3 Kd7 31. Bf2 Kc6 32. e4 Bb3 33. Be2 Rb7 34. Bc4
Bxc4 35. Rxc4 Rb1+ 36. Kg2 Kb5 37. Rc2 c4 38. Bd4 Rd1 39. Be3 c3 40. Rf2 Re1 41.
Bg5 h6 42. Be7 Rb1 43. Bf8 Rb2 44. Bxg7 h5 45. h4 Kc4 46. g4 hxg4 47. h5 Nc5 48.
Kg1 Nxe4 49. Rxf7 Ng5 50. Rc7+ Kd3 51. Bh6 Nf3+ 52. Kf1 g3 53. Rd7+ Ke4 54. Rg7
Rf2# 0-1

[Event "32nd ECC Open 2016"]
[Site "Novi Sad SRB"]
[Date "2016.11.11"]
[Round "6.22"]
[Board "5"]
[White "Olkhovskiy, Alexander"]
[Black "Georgakopoulos, Nikolaos K."]
[Result "0-1"]
[WhiteElo "2095"]
[BlackElo "2025"]
[WhiteTeam "Ezerelio Vaivorykste"]
[BlackTeam "Chania Chess Academy"]
[WhiteFideId "34188611"]
[BlackFideId "4283430"]
[EventDate "2016.11.06"]

1. e4 c5 2. f4 d5 3. exd5 Nf6 4. Nf3 Nxd5 5. Nc3 e6 6. Bb5+ Bd7 7. Bxd7+ Nxd7 8.
d3 N7f6 9. O-O Bd6 10. Ne5 O-O 11. Bd2 a6 12. a4 Qc7 13. Qe2 Nb4 14. Be1 Nfd5
15. Bg3 Nc6 16. Nc4 Nd4 17. Qf2 Nxc3 18. bxc3 Nf5 19. a5 Be7 20. Rab1 Rab8 21.
Qf3 Bf6 22. Rb3 Rfd8 23. Rfb1 Rd7 24. h3 h5 25. Bf2 h4 26. Qe4 g6 27. Nb6 Re7
28. Qc4 g5 29. Bxc5 Ree8 30. fxg5 Bxg5 31. Bf2 Qe7 32. Qg4 Kh7 33. Qh5+ Bh6 34.
Rb4 Rg8 35. Bxh4 Qc5+ 36. Bf2 Rxg2+ 37. Kxg2 Ne3+ 38. Bxe3 Qxh5 39. Bxh6 Rg8+
40. Rg4 Rxg4+ 41. hxg4 Qxg4+ 42. Kf2 Qf5+ 43. Ke2 Kxh6 44. Nc4 Qg4+ 45. Kf1 Qf4+
46. Ke2 Qh2+ 47. Ke3 Qg2 48. Kd4 Kg5 49. Ne3 Qg3 50. Nc4 Qf2+ 51. Ke5 0-1

[Event "32nd ECC Open 2016"]
[Site "Novi Sad SRB"]
[Date "2016.11.11"]
[Round "6.22"]
[Board "6"]
[White "Vozinaki, Anthi - Maria"]
[Black "Razuvajeva, Juli"]
[Result "1-0"]
[BlackTitle "WIM"]
[WhiteElo "1870"]
[BlackElo "2182"]
[WhiteTeam "Chania Chess Academy"]
[BlackTeam "Ezerelio Vaivorykste"]
[WhiteFideId "4263898"]
[BlackFideId "4119878"]
[EventDate "2016.11.06"]

1. e4 c5 2. Nf3 Nc6 3. d4 cxd4 4. Nxd4 g6 5. c4 Bg7 6. Nc2 Nf6 7. Nc3 d6 8. Be2
O-O 9. O-O Bd7 10. Be3 h6 11. f3 Kh7 12. Rc1 b6 13. Qd2 Ne8 14. b4 f5 15. Rfd1
f4 16. Bf2 Rb8 17. Nd5 g5 18. Rb1 Ne5 19. c5 bxc5 20. bxc5 Rxb1 21. Rxb1 e6 22.
Ndb4 a5 23. Na6 Ba4 24. Nd4 Qd7 25. Qxa5 d5 26. Nb8 Qc8 27. Qxa4 dxe4 28. fxe4
Nf6 29. Ba6 Qxc5 30. Nxe6 Qd6 31. Nxf8+ Bxf8 32. Qd4 Qe6 33. Rb6 Qg4 34. Qxe5
Qd1+ 35. Bf1 1-0

[Event "32nd ECC Open 2016"]
[Site "Novi Sad SRB"]
[Date "2016.11.11"]
[Round "6.23"]
[Board "1"]
[White "Murray, David"]
[Black "Adair, James R"]
[Result "0-1"]
[BlackTitle "IM"]
[WhiteElo "2139"]
[BlackElo "2488"]
[WhiteTeam "Gonzaga"]
[BlackTeam "White Rose"]
[WhiteFideId "2501511"]
[BlackFideId "406252"]
[EventDate "2016.11.06"]

1. e4 c5 2. Nf3 d6 3. d4 cxd4 4. Nxd4 Nf6 5. Nc3 a6 6. Be3 e5 7. Nb3 Be6 8. f3
Be7 9. Qd2 O-O 10. O-O-O Nbd7 11. g4 b5 12. g5 Nh5 13. Kb1 Nb6 14. Nd5 Nxd5 15.
exd5 Bf5 16. Na5 f6 17. Rg1 fxg5 18. Nc6 Qd7 19. Nxe7+ Qxe7 20. Bxg5 Qd7 21. Bd3
Bxd3 22. Qxd3 Nf4 23. Qe3 Rf5 24. Rg4 Nh5 25. f4 exf4 26. Bxf4 Re8 27. Qd4 Nf6
28. Rh4 Re4 29. Qd2 Rxd5 30. Qc1 Rxd1 31. Qxd1 Qe6 32. Bg3 Rxh4 33. Bxh4 Qg4 34.
Qxg4 Nxg4 35. Bg3 Ne5 36. b3 Kf7 37. Kb2 Ke6 38. Kc3 Nc6 39. a4 bxa4 40. bxa4 d5
41. Kd3 g5 42. Ke3 h5 43. h3 Kf5 44. Bf2 h4 45. Kf3 Ne5+ 46. Ke3 Ng6 47. Kd4 Ke6
48. Kc5 Nf4 49. Kb6 Nxh3 50. Be1 Nf4 51. Kxa6 h3 52. Bg3 Ne2 53. Bc7 g4 54. Kb6
g3 55. a5 h2 0-1

[Event "32nd ECC Open 2016"]
[Site "Novi Sad SRB"]
[Date "2016.11.11"]
[Round "6.23"]
[Board "2"]
[White "Brown, Martin"]
[Black "Delaney, Killian"]
[Result "0-1"]
[WhiteTitle "FM"]
[WhiteElo "2302"]
[BlackElo "2227"]
[WhiteTeam "White Rose"]
[BlackTeam "Gonzaga"]
[WhiteFideId "401480"]
[BlackFideId "2501570"]
[EventDate "2016.11.06"]

1. e4 c6 2. d4 d5 3. e5 c5 4. Nf3 Nc6 5. dxc5 Bg4 6. Bb5 e6 7. Be3 Ne7 8. c3 Qc7
9. Bd4 Ng6 10. Nbd2 f6 11. exf6 e5 12. f7+ Qxf7 13. Bxe5 Bxc5 14. O-O O-O 15.
Bg3 Rad8 16. h3 Bf5 17. Nb3 Bb6 18. Nbd4 Be4 19. Bxc6 bxc6 20. Ng5 Qf6 21. Nxe4
dxe4 22. Qb3+ Rf7 23. Rad1 h5 24. Ne6 Rxd1 25. Rxd1 h4 26. Bc7 Qxf2+ 27. Kh1
Bxc7 28. Nxc7 Nf4 29. Rg1 Ne2 30. Rd1 Ng3+ 31. Kh2 Qf4 32. Qb8+ Rf8 33. Qxf8+
Qxf8 34. Ne6 Qe7 35. Nf4 Qf6 0-1

[Event "32nd ECC Open 2016"]
[Site "Novi Sad SRB"]
[Date "2016.11.11"]
[Round "6.23"]
[Board "3"]
[White "Li, Henry"]
[Black "Townsend, M Paul"]
[Result "1/2-1/2"]
[WhiteElo "2113"]
[BlackElo "2231"]
[WhiteTeam "Gonzaga"]
[BlackTeam "White Rose"]
[WhiteFideId "2508524"]
[BlackFideId "402320"]
[EventDate "2016.11.06"]

1. e4 g6 2. d4 Bg7 3. Nc3 d6 4. f4 Nf6 5. Nf3 O-O 6. e5 dxe5 7. fxe5 Nd5 8. Bc4
Be6 9. Nxd5 Bxd5 10. Bxd5 Qxd5 11. Qe2 b5 12. O-O Nc6 13. Rd1 f6 14. a4 fxe5 15.
dxe5 Qc4 16. Qxc4+ bxc4 17. Rd7 Nxe5 18. Rxe7 Nxf3+ 19. gxf3 Rxf3 20. Kg2 Raf8
21. Be3 Bxb2 22. Rd1 Ba3 23. Re4 Bd6 24. Bxa7 R3f4 25. Rxf4 Bxf4 26. Rb1 Kf7 27.
Bb8 Ke6 28. a5 Be3 29. a6 Kd5 30. a7 Rf2+ 31. Kg3 Bxa7 32. Bxa7 Rxc2 33. Rd1+
Ke6 34. Re1+ Kd6 35. h4 c3 36. Re4 Ra2 37. Be3 Ra3 38. Kf4 Rb3 39. Rc4 h6 40.
Ke4 g5 41. hxg5 hxg5 42. Bxg5 c5 43. Be3 Rb5 44. Rxc3 Ra5 45. Rc4 Rb5 46. Bf4+
Kc6 47. Ke5 Rb8 48. Be3 Rb5 49. Rh4 Rb8 50. Rc4 Rb5 51. Ra4 Rb8 52. Ra5 Rb5 53.
Ra8 Rb7 54. Rc8+ Rc7 55. Re8 Rd7 1/2-1/2

[Event "32nd ECC Open 2016"]
[Site "Novi Sad SRB"]
[Date "2016.11.11"]
[Round "6.23"]
[Board "4"]
[White "Barrett, Stephen J"]
[Black "Freeman, Gordon"]
[Result "0-1"]
[WhiteElo "2181"]
[BlackElo "2119"]
[WhiteTeam "White Rose"]
[BlackTeam "Gonzaga"]
[WhiteFideId "408727"]
[BlackFideId "2501309"]
[EventDate "2016.11.06"]

1. d4 g6 2. c4 Bg7 3. Nf3 d6 4. Nc3 Bg4 5. g3 Bxf3 6. exf3 e6 7. Bg2 Ne7 8. f4
Nbc6 9. d5 exd5 10. cxd5 Nd4 11. Be3 Ndf5 12. Bd2 O-O 13. O-O c5 14. dxc6 bxc6
15. Rc1 Rb8 16. b3 Nd4 17. Ne2 c5 18. Nxd4 Bxd4 19. g4 f5 20. g5 d5 21. Bc3 Bxc3
22. Rxc3 Qd6 23. Re3 Rb4 24. Rfe1 Rd4 25. Qe2 Re4 26. Bxe4 fxe4 27. f3 Nf5 28.
fxe4 Nxe3 29. e5 Qe6 30. Qxe3 Qg4+ 31. Qg3 Rxf4 32. e6 Kf8 33. e7+ Ke8 34. Kg2
Re4 35. Rc1 Re2+ 36. Kf1 Qxg3 37. hxg3 Rxa2 38. Rxc5 Kxe7 39. Rxd5 Ke6 40. Rb5
a6 41. Rb7 Kf5 42. Rxh7 Kxg5 43. Rh4 Kf5 44. Rf4+ Kg5 45. Rf2 Rxf2+ 46. Kxf2 Kg4
47. b4 Kh3 48. Kf3 g5 0-1

[Event "32nd ECC Open 2016"]
[Site "Novi Sad SRB"]
[Date "2016.11.11"]
[Round "6.23"]
[Board "5"]
[White "Jackson, Carl"]
[Black "O'driscoll, Kieran"]
[Result "1-0"]
[WhiteElo "2108"]
[BlackElo "2109"]
[WhiteTeam "Gonzaga"]
[BlackTeam "White Rose"]
[WhiteFideId "2502585"]
[BlackFideId "2501899"]
[EventDate "2016.11.06"]

1. e4 d5 2. exd5 Nf6 3. d4 Bg4 4. Bb5+ Nbd7 5. f3 Bf5 6. Nc3 a6 7. Ba4 b5 8. Bb3
Nb6 9. Nge2 Nbxd5 10. Nxd5 Nxd5 11. g4 Bg6 12. O-O e6 13. f4 c5 14. c4 Nf6 15.
f5 exf5 16. gxf5 Bh5 17. Qe1 Be7 18. Be3 O-O 19. dxc5 Qc7 20. Qg3 Qc8 21. Nd4
Ng4 22. Bd1 Nxe3 23. Qxe3 Bxc5 24. Bxh5 Re8 25. Qd3 Qd8 26. Bxf7+ Kxf7 27. Rad1
Qd6 28. b4 Bxb4 29. Qb3 Bc5 30. Kg2 b4 31. Ne6 Qc6+ 32. Rd5 Be7 33. Qg3 Bf6 34.
Qc7+ Qxc7 35. Nxc7 Rac8 36. Nxe8 Kxe8 37. Re1+ Kf8 38. Re4 Rb8 39. Re6 Rc8 40.
c5 Be7 41. c6 g6 42. Rd7 1-0

[Event "32nd ECC Open 2016"]
[Site "Novi Sad SRB"]
[Date "2016.11.11"]
[Round "6.23"]
[Board "6"]
[White "Sucikova, Svetlana"]
[Black "McMorrow, John"]
[Result "1-0"]
[WhiteTitle "WFM"]
[WhiteElo "2076"]
[BlackElo "1971"]
[WhiteTeam "White Rose"]
[BlackTeam "Gonzaga"]
[WhiteFideId "14923653"]
[BlackFideId "2501481"]
[EventDate "2016.11.06"]

1. c4 e5 2. g3 Nf6 3. Bg2 d5 4. cxd5 Nxd5 5. Nc3 Nb6 6. d3 Be7 7. Nf3 Nc6 8. O-O
O-O 9. a3 Be6 10. b4 a5 11. b5 Nd4 12. Rb1 f6 13. e3 Nxf3+ 14. Bxf3 Nd5 15. Qc2
Rc8 16. Na4 c5 17. bxc6 Rxc6 18. Qb2 b6 19. Rd1 Qd7 20. e4 Nc7 21. Nxb6 Qd8 22.
Be3 Bc5 23. Qc3 Qd6 24. Rdc1 Rb8 25. Bxc5 Qd8 26. Qxa5 Qxd3 27. Be3 Rbxb6 28.
Qxb6 Rxb6 29. Rxb6 Qd7 30. Rb7 Bh3 31. Rbxc7 Qd3 32. a4 h6 33. a5 Kh7 34. Bg2
Bxg2 35. Kxg2 Qxe4+ 36. Kg1 Qa4 37. R7c5 h5 38. h4 Kg6 39. R1c4 Qa2 40. Kg2 Qa3
41. Rc3 Qa2 42. Rc2 Qa4 43. f3 e4 44. Bf4 Qd4 45. fxe4 Qxe4+ 46. Kh2 Qa4 47. Bc7
f5 48. Rc6+ Kh7 49. a6 g5 50. hxg5 h4 51. g6+ Kg8 52. Be5 hxg3+ 53. Kg1 Kf8 54.
g7+ Ke7 55. g8=Q 1-0

[Event "32nd ECC Open 2016"]
[Site "Novi Sad SRB"]
[Date "2016.11.11"]
[Round "6.24"]
[Board "1"]
[White "Noe, Christopher"]
[Black "Karttunen, Mika"]
[Result "0-1"]
[WhiteTitle "IM"]
[BlackTitle "IM"]
[WhiteElo "2422"]
[BlackElo "2452"]
[WhiteTeam "De Sprenger Echternach"]
[BlackTeam "Tammer-Shakki"]
[WhiteFideId "24692018"]
[BlackFideId "502081"]
[EventDate "2016.11.06"]

1. d4 Nf6 2. c4 c5 3. d5 b5 4. cxb5 a6 5. bxa6 g6 6. Nc3 Bg7 7. Nf3 O-O 8. e4
Qa5 9. Nd2 Bxa6 10. Bxa6 Qxa6 11. Qe2 Qxe2+ 12. Kxe2 d6 13. Nc4 Nbd7 14. Bd2
Rfb8 15. Rhc1 Ne8 16. Rc2 Nc7 17. Rd1 f5 18. f3 Bd4 19. Be3 Ne5 20. Nxe5 Bxe5
21. h3 Bxc3 22. bxc3 Nb5 23. c4 Na3 24. Rc3 Rb2+ 25. Kd3 Rxa2 26. exf5 gxf5 27.
Bc1 Ra4 28. Re1 Kf7 29. h4 h5 30. Bg5 Ra7 31. Re2 Nxc4 32. Rxa2 Ne5+ 33. Ke3
Rxa2 34. g3 Ra4 35. Rb3 Rd4 36. Rb8 Ng6 0-1